000 00363nam a22001457a 4500
005 20140610153915.0
008 140610b xxu||||| |||| 00| 0 eng d
020 _a9789810697433
050 _aQE 41 .T179 2009
245 _aEarth Science
_cDennis Tasa
250 _a12th ed.
260 _bPrentice Hall
_c2009
600 _2Earth Science
_91
942 _2lcc
_cBK
999 _c118301
_d118301